00380 2200157 4500001002100000005001500021035002000036245004700056100002200103300001200125260002900137082000800166084001400174020002200188990001200210INLIS00000000000163720250429074823 a0010-04250000531 aThe Story Of Kematian /cMochamad Ziaulhaq0 aMochamad Ziaulhaq a388 hlm aBogor :bBelanoor,c2011 a200 a200 MOC t a978-602-9185-08-9 a0754699